Ăn xanh sống lành 33 món chay thực dưỡng thuần Việt

Cuốn sách giới thiệu và hướng dẫn nấu các món ăn chay hiện đại trên nền tảng các nguyên liệu, gia vị chay truyền thống ở mọi miền đất nước nhằm góp phần chăm sóc sức khỏe mọi người, di dưỡng tinh thần hướng thiện đồng thời hươ...

Deskribapen osoa

Gorde:
Xehetasun bibliografikoak
Egile nagusia: Trần Lê Thanh Thiện
Formatua: Liburua
Hizkuntza:Vietnamese
Argitaratua: H. Thế Giới ; Cty Sách Phương Nam 2024
Gaiak:
Etiketak: Etiketa erantsi
Etiketarik gabe, Izan zaitez lehena erregistro honi etiketa jartzen!
Thư viện lưu trữ: Thư viện Trường Đại học Nam Cần Thơ
LEADER 01225nam a22001937a 4500
001 NCT_4_022792
008 250625b xxu||||| |||| 00| 0 vie d
999 |c 9115  |d 9115 
020 |a 9786043922066  |c 189000 
082 0 4 |2 23rd ed.  |a 641.5636  |b Th305 
100 1 |a Trần Lê Thanh Thiện 
245 1 0 |a Ăn xanh sống lành  |b 33 món chay thực dưỡng thuần Việt  |c Trần Lê Thanh Thiện 
260 |a H.  |b Thế Giới ; Cty Sách Phương Nam  |c 2024 
300 |a 145 tr.  |c 24 cm 
520 3 |a Cuốn sách giới thiệu và hướng dẫn nấu các món ăn chay hiện đại trên nền tảng các nguyên liệu, gia vị chay truyền thống ở mọi miền đất nước nhằm góp phần chăm sóc sức khỏe mọi người, di dưỡng tinh thần hướng thiện đồng thời hướng tới lối sống xanh sạch hiện đại. 
653 |a Tham khảo 
942 |2 ddc  |c BK 
952 |0 0  |1 0  |2 ddc  |4 0  |6 641_563600000000000_TH305  |7 0  |9 30950  |a 000001  |b 000001  |d 2025-06-25  |o 641.5636 Th305  |p TK.05562  |r 2025-06-25  |v 189000.00  |w 2025-06-25  |y BK 
980 |a Thư viện Trường Đại học Nam Cần Thơ